[Event "MK Cafe Cup-A"]
[Site "Koszalin"]
[Date "1999.08.03"]
[Round "1"]
[White "Zezulkin, Jurij"]
[Black "Lerner, Konstantin Z"]
[Result "1/2-1/2"]
[WhiteElo "2478"]
[BlackElo "2588"]
[Annotator "Tsesarsky,I"]
[PlyCount "106"]
[EventDate "1999.08.03"]
[EventType "swiss"]
[EventRounds "9"]
[EventCountry "POL"]
[SourceTitle "CBM 073"]
[Source "ChessBase"]
[SourceDate "1999.12.01"]
[SourceVersion "1"]
[SourceVersionDate "1999.12.01"]
[SourceQuality "1"]

1. e4 c5 2. Nf3 d6 3. d4 cxd4 4. Nxd4 Nf6 5. Nc3 Nc6 6. Bg5 e6 7. Qd2 a6 8.
O-O-O h6 9. Be3 Be7 10. f4 Bd7 11. Kb1 (11. Be2 b5 12. Bf3 Rc8 13. g4 Na5 14.
b3 Qc7 15. Nce2 e5 16. Nf5 Bxf5 17. gxf5 O-O 18. Rhg1 Kh7 19. Rg3 $40 {
Arnasson-Stefansson ,Island 1996}) (11. Bd3 $6 Ng4 12. Nxc6 Bxc6 13. Bg1 Nf6
14. Kb1 Qc7 $132 {Sulskis-Lanka Eu-chT 1997}) (11. h3 b5 12. Bd3 Nxd4 13. Bxd4
b4 14. Ne2 e5 15. Be3 Qa5 16. Kb1 O-O 17. g4 Be6 18. b3 d5 $132 {
Yudasin-Svidler,1996 Eu-ch T 1996}) 11... b5 12. Bd3 O-O (12... Rc8 13. h3 Nxd4
14. Bxd4 Bc6 15. Qe3 b4 16. Ne2 O-O 17. g4 Nd7 18. Qg3 Bh4 19. Qg2 Qa5 20. Ng3
Nc5 21. Nh5 e5 22. Be3 Na4 23. g5 exf4 24. gxh6) (12... Qc7 13. Rhe1 (13. h3
Nxd4 (13... Na5 14. g4 b4 15. Nce2 Nc4 16. Bxc4 Qxc4 17. Ng3 a5 18. Rhf1 Qa6
19. g5 hxg5 20. fxg5 Nh5 21. Nxh5 Rxh5 22. e5 g6 23. exd6 Bxd6 24. Bf4) (13...
O-O 14. g4 Rfc8 15. Rhg1 Nxd4 16. Bxd4 b4 17. Ne2 e5 18. g5 hxg5 19. fxe5 Nh7
20. exd6 Qxd6 21. h4 g4 22. e5 Qc6 23. Nf4 Nf8 24. Qe2) 14. Bxd4 b4 15. Ne2 e5
16. Be3 Qb7 17. Ng3 O-O 18. Rhf1 Rfc8 19. Qf2 Rc6 20. fxe5 dxe5 21. Nf5 Bxf5
22. Qxf5 Bc5 23. Bxc5 Rxc5 24. g4) (13. Nf3 Ng4 14. Bg1 O-O 15. h3 Nf6 16. Bh2
b4 17. Ne2 Qb7 18. g4 d5 19. Ng3 $14 {Adams-Dzindzihashvili New York 1996})
13... Nxd4 14. Bxd4 e5 (14... b4 15. Ne2 e5 16. Bf2 O-O 17. Bh4 a5 18. Ng3 a4
19. fxe5 dxe5 20. Rf1 Nd5 21. Bxe7 Nxe7 22. Qxb4 Be6 23. Qa3 Rab8 24. Ka1) 15.
Be3 Be6 16. h3 Qa5 17. f5 Bd7 18. Nd5 Qxd2 19. Nxf6+ Bxf6 20. Bxd2 Bc6 21. Bb4
O-O-O 22. c4 Rd7 23. b3 Kb7 24. Kb2) (12... Nxd4 13. Bxd4 Bc6 (13... b4 14. Ne2
Qb8 15. Ng3 O-O 16. e5 Nd5 17. Ne4 Rd8 18. Qf2 dxe5 19. fxe5 Be8 20. Rhf1 a5
21. g4 a4 22. h4 Rc8 23. Ka1 b3 24. a3) 14. g4 (14. Qe3 b4 15. Bxf6 gxf6 16.
Ne2 Qa5 17. Rhf1 Qc5 18. Qg3 Kf8 19. f5 e5 20. Qh4 a5 21. b3 a4 22. Bc4 Qe3 23.
Qh5 Rh7 24. Bd5) (14. Rhe1 O-O 15. e5 dxe5 16. fxe5 (16. Bxe5 b4 17. Ne4 Nxe4
18. Bxe4 Bxe4 19. Rxe4 Qxd2 20. Rxd2 Rfd8 21. Kc1 g5 22. fxg5 Bxg5 23. Bf4 Bxf4
24. Rxf4) 16... Nd5 17. Ne4 Nb4 18. Nf6+ Kh8 19. Be4 Rc8 20. a3 Bxe4 21. Rxe4
Rxc2 22. Qe3 Nd5 23. Nxd5 exd5 24. Rg4) 14... b4 15. g5 hxg5 16. fxg5 Nd7 17.
Ne2 Bxg5 18. Qxb4 Ne5 19. Bxe5 dxe5 20. Bxa6 Qb8 21. Qxb8+) (12... b4 13. Nce2
O-O 14. h3 Qc7 15. g4 Qb7 16. Ng3 Nxd4 17. Bxd4 Bc6 18. Rhe1 Rfe8 19. g5 hxg5
20. fxg5 Nd7 21. Bxg7 Kxg7 22. Nh5+ Kg6 23. e5+ Kxh5 24. Qf4) 13. Nxc6 (13.
Rhe1 Qc7 14. h3 (14. e5 dxe5 15. Nxc6 Bxc6 16. fxe5 b4 17. Ne2 Ne4 18. Qc1 $132
{1-0 Fogarasi,T-Groszpeter,A/HUN-tt Dutep-Gazlang (7) 1994 (36)}) 14... Na5 (
14... Nxd4 15. Bxd4 b4 16. Ne2 e5 17. Be3 $132 {1-0 Fogarasi,T-Wells Peter K/
Budapest 1994 (52)}) 15. Qf2 b4 16. Nce2 Nc4 17. Bc1 a5 18. Ng3 (18. g4 $5 $40)
18... Rfc8 19. Qe2 $132 {1/2-1/2 Ehlvest-Ivanchuk/Terrassa 1991 (35)}) (13.
Rhf1 Qc7 (13... Ng4 14. Nxc6 (14. Bg1 Nxd4 15. Bxd4 Nxh2 16. Rh1 Ng4 $15) 14...
Bxc6 15. Bg1 Nf6 16. e5 dxe5 17. fxe5 Nd7 18. Bd4 $132 {1-0 Short,N-Kramnik,V/
Amsterdam VSB (4) 1993/ (41)}) (13... Nxd4 14. Bxd4 Bc6 15. e5 dxe5 16. fxe5
Nd5 17. Ne4 $14) 14. Qe1 (14. h3 Nxd4 15. Bxd4 Bc6 16. e5 dxe5 17. fxe5 Nd7 18.
Qe3 $11 {1/2-1/2 Timman,J-Khalifman,A/Ubeda 1997/CBM 58/ (53)}) 14... b4 15.
Nce2 Nxd4 (15... d5 16. e5 Ne4 17. Bxe4 dxe4 18. Ng3 $14 {[%csl Re4]}) 16. Nxd4
d5 17. e5 Ne4 18. Bxe4 dxe4 19. Bc1 Qb7 20. f5 exf5 21. Qg3 Kh7 22. Nxf5 Bxf5
23. Rxf5 Rac8 24. Qg4 Qc6 25. Qe2 f6 $132 {1/2-1/2 Dvoirys,S-Khalifman,A/
Moscow Tal ,EXT 1992 (80)}) (13. h3 {Main line}) (13. g4 Nxg4 14. Rhg1 Nxe3 15.
Qxe3 Kh8 (15... Nxd4 16. Qxd4 f6 $15 (16... Bf6 17. e5 dxe5 18. Qe4 $18)) 16.
e5 (16. Rxg7 Kxg7 17. Rg1+ Kh8 18. Qh3 Bh4 19. Rg4 Rg8) (16. Nf3 e5 (16... f5
17. exf5 exf5 18. Nd4 Nxd4 19. Qxd4 Bf6 20. Qxd6 Bxc3 21. bxc3 Rf6 22. Qe5 Qf8
$15 {[%csl Rc2,Rc3] 0-1 Shahade,J-Ashley,M/Saitek US Masters, Hawaii USA 1998 
(42)}) 17. Nd5 Rg8 18. Rdf1 Bf8 19. Rg3 exf4 20. Qxf4 Be6 $15 {1/2-1/2 Xie
Jun-Galliamova,A/32nd ol (women), Yerevan ARM 1996 (48)}) 16... Nxd4 (16...
dxe5 17. fxe5 Nxd4 18. Qxd4 {[%cal Gd4e4,Gd3h7]} Bc6 19. Qg4 Rg8 20. Qh5 (20.
Bh7 Kxh7 21. Rxd8 Raxd8 22. Ne4 Kh8 $132) 20... Qe8 21. Rdf1 f5 22. Rg6 Bf8 (
22... Kh7 23. Rxf5 $1 $18) 23. Ne2 Qc8 24. Rfg1 Be8 25. Qxh6+ $1 gxh6 26. Rxg8+
Kh7 27. Rxf8 Qc5 28. Rgg8 $16) 17. Qxd4 Bc6 18. f5 (18. exd6 $5 Bf6 19. Qc5 Rc8
$132) (18. Qe3 $6 Rg8 19. exd6 (19. Ne4 Bxe4 20. Qxe4 g6 21. Qe3 Qf8 $17 {
0-1 Polgar,Z-Groszpeter,A/HUN-ch Budapest ,CBM 1995/ (53)}) 19... Bxd6 20. Ne4
Bd5 $15) 18... dxe5 (18... exf5 $6 19. Bxf5 d5 $14 (19... dxe5 20. Qg4 $18))
19. Qg4 Bf6 20. fxe6 Qe7 21. exf7 Qxf7 22. Qf5 Qg8 23. Ne4 $44 {1/2-1/2 Polgar,
J-Salov,V/Madrid 1994/Inf 60 (29)}) (13. Qe1 Nxd4 14. Bxd4 b4 15. Ne2 Bc6 16.
Ng3 Qa5 17. Qe2 Rab8 18. Bxf6 Bxf6 19. Nh5 Bc3 20. Bc4 Bb5 21. Ng3 Rfc8 22. Bd3
$15 {0-1 Mainka,R-Krakops,M/Bad Woerishofen GER 1995 (28)}) (13. a3 Nxd4 14.
Bxd4 Bc6 15. Qe3 (15. g4 $5) 15... Qb8 16. e5 dxe5 17. fxe5 Nd5 18. Nxd5 Bxd5
19. Rhf1 Qb7 $5 (19... b4 $2 20. Rf6 $1 $16 {-analyse}) 20. Rf6 Bc4 $8 21. Be4
Bd5 $11 {1/2-1/2 Iordachescu,V-Lanka,Z/Kishinev 1998/CBM 64/ (23)}) 13... Bxc6
14. e5 dxe5 15. fxe5 Nd5 $2 $16 {Bad novelty.} (15... Ng4 $1 {Maybe Zezulkin
prepared something?} 16. Qe2 (16. Bf4 b4 17. Qe2 bxc3 18. Qxg4 Kh8 19. b3 Rb8
$1 $132) 16... Nxe3 17. Bh7+ Kxh7 18. Rxd8 Rfxd8 19. Qxe3 $44 {1/2-1/2
Zezulkin,J-Lanka,Z/USSR Teams ch Podolsk 1990 (30)}) 16. Nxd5 $2 $132 (16. Bxh6
$1 Nxc3+ (16... Nb4 17. Be3 Nxd3 18. Qxd3 Qxd3 19. Rxd3 Bxg2 20. Rg1 Bf3 (20...
Bc6 21. Bh6 Kh7 22. Bxg7 $18 {[%cal Gd3h3]}) 21. Bh6 Kh7 22. Bxg7 Rg8 23. Rxf3
Rxg7 24. Rh3+ $16) (16... gxh6 17. Qxh6 f5 18. Qxe6+ $18) (16... f6 17. Qe2 (
17. exf6 Bxf6 18. Nxd5 Qxd5 19. Be3 Qxg2 $14) 17... Nxc3+ 18. bxc3 Qe8 (18...
Bd5 19. Bxg7 $1 $18) 19. Qg4 Rf7 20. Qg6 $1 $18) (16... f5 $1 17. Be3 $1 (17.
Nxd5 $2 Qxd5 18. Bg5 (18. Bf4 Qxg2 19. Qxg2 Bxg2 20. Rhg1 Bd5 21. Rg6 Bc5 $11)
18... Bxg5 19. Qxg5 Qxe5 $11) (17. exf6 Bxf6 18. Nxd5 (18. Ne4 gxh6 19. Qxh6
Qe7 $15) 18... Qxd5 19. Be3 Qxg2 $14) 17... Nxe3 (17... Bb4 18. Bd4 $16) 18.
Qxe3 Qa5 19. Qg3 b4 20. Ne2 Bd5 21. Nc1 $16) 17. Qxc3 $16 {[%csl Rc6,Rh6][%cal
Gd1d8]}) 16... Qxd5 17. Bxh6 {Here it not so is strong as would be on the
previous move.} Qxe5 18. Rde1 (18. Bf4 Qd5 19. Qe3 $132) 18... Qd5 19. Rhf1 $5
(19. Re2 $132) 19... f5 $1 (19... Rad8 20. Rf3 $14 {[%csl Rg7][%cal Gf3g3]})
20. Bf4 (20. Bg5 Bxg5 21. Qxg5 Qxg2 $15) 20... Bf6 21. Qe2 $6 $15 (21. g4 $1
fxg4 22. Qe2 e5 23. Bg3 (23. Bxe5 $2 Rae8 24. Rf5 Bd7 25. Be4 Qf7 $17) 23...
Qd4 24. c3 Qd8 25. Bf5 Bf3 $44) 21... Rae8 22. Qh5 (22. g4 $2 e5 $17) 22... Qd4
$6 (22... Qxg2 $1 {Black vainly have refused a P capture.} 23. Rg1 Qf2 24. Bc1
Re7 $15) 23. Bc1 Qh4 (23... Bxg2 24. Rxf5 $1 exf5 25. Rxe8 Be4 26. Bxe4 fxe4
27. Rxf8+ Kxf8 28. Qh8+ Kf7 29. Qc8 e3 $11) 24. Qxh4 Bxh4 25. Re2 (25. g3 Bf6
26. Rf2 g6 {[%cal Ge6e5]} 27. c4 $132) 25... Bf6 26. Rfe1 Kf7 27. Bf4 Rh8 (
27... g5 $132) 28. h3 g5 29. Bd6 Rhg8 (29... Rd8 30. Bc5 Bd5 31. a3 $11) 30. c4
g4 31. cxb5 (31. Kc2 gxh3 32. gxh3 bxc4 33. Bxc4 Be4+ $15) 31... Bxb5 (31...
axb5 $6 32. Rc2 $14) 32. Bxb5 axb5 33. hxg4 Rxg4 34. Rc1 Rd4 35. Rc7+ Kg6 36.
Rc6 (36. Be5 Rd5 37. Bxf6 Kxf6 $15) 36... Kg5 37. Bc5 Rd5 38. Be3+ (38. b4 $11)
38... f4 39. Bc1 Kf5 40. Rf2 e5 41. g3 Bg5 42. a4 $5 (42. gxf4 exf4 43. b3 Re4
44. Kc2 Kg4 45. Rd2 Rf5 $15) 42... bxa4 43. Rc4 Rd4 44. Rxd4 exd4 45. Bxf4 Bxf4
46. Rxf4+ Ke5 47. Kc2 Rg8 48. Rf3 Ke4 49. Rf7 (49. Ra3 $11) 49... Rxg3 50. Re7+
Kd5 51. Ra7 Rg2+ 52. Kd3 Rxb2 53. Ra5+ Kc6 1/2-1/2

[Event "FIDE-Wch k.o."]
[Site "Las Vegas"]
[Date "1999.08.09"]
[Round "4.1"]
[White "Nisipeanu, Liviu Dieter"]
[Black "Ivanchuk, Vassily"]
[Result "1/2-1/2"]
[WhiteElo "2584"]
[BlackElo "2702"]
[Annotator "Tsesarsky,I"]
[PlyCount "109"]
[EventDate "1999.07.31"]
[EventType "k.o."]
[EventRounds "7"]
[EventCountry "USA"]
[SourceTitle "CBM 072"]
[Source "ChessBase"]
[SourceDate "1999.10.01"]
[SourceVersion "1"]
[SourceVersionDate "1999.10.01"]
[SourceQuality "1"]

1. e4 c5 2. Nf3 Nc6 3. d4 cxd4 4. Nxd4 Nf6 5. Nc3 d6 6. Bg5 e6 7. Qd2 a6 8.
O-O-O h6 9. Nxc6 bxc6 10. Bf4 d5 11. Qe3 {In this young variation there are 3
main lines:} {1.} Be7 ({2.} 11... Qa5 12. Be2 (12. a3 Qc5 (12... Bc5 13. Qf3 (
13. Qe1 Qd8 (13... O-O $2 14. Nxd5 $1 $16) 14. f3 (14. Na4 Ba7 15. e5 Nd7 16.
Bd3 $132) 14... O-O 15. Bd3 Re8 16. e5 Nd7 17. Qg3 (17. h4 Rb8 18. g4 Qa5 19.
Nb1 (19. Ne2 Qb6 20. b4 Bf2 21. Qd2 Nxe5 $19) 19... Qb6 20. b3 $132) 17... Kh8
18. Qh3 Bf8 19. g4 Rb8 20. Qh5 Qe7 21. Na4 c5 22. c4 $132 {1/2-1/2 Degraeve,
J-Santo Roman,M/1998-9 French Team Ch FRA 1999 (61)}) 13... Ra7 (13... e5 14.
Bxe5 Bg4 15. Qg3 Bxd1 16. Qxg7 $18) 14. Bd2 (14. e5 Nd7 15. Qg3 Bf8 16. Be2 Rb7
17. h4 c5 18. Bd2 d4 19. Ne4 Qb6 20. b3 c4 21. Bxc4 Bxa3+ 22. Kb1 Kf8 23. Bf4
Nb8 24. Qd3 Rd7 25. Nd6 $14) 14... Qc7 15. Bd3 Be7 16. Rhe1 d4 17. Ne2 c5 18.
Bc4 Qxh2 $1 (18... Bb7 19. Nf4 Bd6 20. Nh5 Nxh5 21. Qxh5 g6 $132 {1/2-1/2
Berelovich,A-Lerner,K/Donetsk UKR 1998 (67)}) 19. g3 (19. Bf4 Qh4 20. Rh1 Qg4
$17) 19... Qh5 20. Qxh5 Nxh5 21. e5 g5 22. g4 Ng7 23. Ng3 Bd7 24. Ne4 Bb5 $15)
13. Qf3 e5 14. Na4 (14. Bxe5 Bg4 15. Qf4 Bxd1 16. Bxf6 gxf6 17. Nxd1 Qd6 $15)
14... Qd6 (14... Qa5 15. Bxe5 Bg4 16. Qc3 Qxc3 17. Nxc3 Bxd1 18. Bxf6 Bg4 $15)
15. Qe2 exf4 16. e5 Qd8 17. exf6+ Be6 18. fxg7 (18. Qe5 Qxf6 19. Qxf6 gxf6 $15
{0-1 Santo Roman,M-Campos Moreno,J/IV It, Loures POR 1997 (35)}) 18... Bxg7 19.
Qf3 Qg5 20. Be2 $14) (12. exd5 cxd5 13. Be2 Bb7 14. Be5 Nd7 (14... Be7 15. h4
Rg8 16. f4 Bc5 17. Bd4 Bxd4 18. Rxd4 Kf8 19. g4 $14 {1-0 Hoffmann,M-Bu
Xiangzhi/Budapest HUN 1999 (32)}) 15. Bd4 Bc5 16. Qg3 Bxd4 17. Rxd4 g6 18. Rhd1
Rc8 19. Kb1 Qc7 20. f4 Nc5 21. Bf3 O-O 22. Qf2 Rb8 23. Qd2 f5 24. Na4 $14 {
0-1 Neron de Surgy,G-Touzane,O/Paris 1998 (52)}) 12... Qc5 (12... dxe4 13. Bc4
(13. Qg3 Nd5 14. Nxd5 (14. Be5 Nxc3 15. Qxc3 Qxc3 16. Bxc3 Rh7 17. f3 exf3 18.
Bxf3 Bb7 19. Rhe1 Be7 $15) 14... cxd5 15. Kb1 g6 $15) 13... Qf5 14. g4 (14. Bg3
Bc5 15. Qd2 O-O $15) 14... Nxg4 (14... Qxg4 15. Nxe4 Nd5 16. Bxd5 cxd5 17. Rxd5
Bb7 18. Rd4 Rc8 19. Rhd1 Qf5 20. Qd2 Bd5 21. Kb1 Be7 22. Ng3 Qh3 23. Qe2 Rd8 (
23... O-O 24. Rxd5 $16) 24. Qxa6 $16) 15. Qb6 (15. Qxe4 Qxe4 16. Nxe4 e5 $17)
15... Qxf4+ 16. Kb1 Bd7 (16... Bd6 17. Qxc6+ Ke7 18. Qxa8 Nxf2 19. Qa7+ Ke8 20.
Rxd6 Qxd6 21. Qxf2 $18) 17. Rxd7 Ne5 (17... Kxd7 18. Rd1+ Ke7 19. Qxc6 Rd8 (
19... Qb8 20. Rd7+ Kf6 21. Rxf7+ Kg5 22. h3 Nf6 23. Nxe4+ Kh4 24. Nxf6 Qe5 25.
Qe4+ Qxe4 26. Nxe4 Kxh3 $17) 20. Qb7+ Ke8 21. Qc6+ Ke7 22. Qb7+ Ke8 {1/2-1/2
Nataf,I-Gershon,A/Bermuda 1999 (22)}) 18. Qb7 Nxd7 19. Qxa8+ Nb8 20. Nxe4 Be7
21. Bxa6 O-O $17) (12... Bb4 13. Be5 dxe4 14. Bxf6 gxf6 15. Qxe4 Ke7 16. Rd3
Ra7 17. a3 Bxc3 18. Rxc3 $16 {1-0 Degraeve,J-Lerner,K/Koszalin POL 1999 (27)})
13. Qg3 d4 14. Na4 Qb4 15. Qb3 Qxb3 16. axb3 Nd7 17. Rxd4 e5 18. Rxd7 Bxd7 19.
Bxe5 Be6 20. Rd1 $16 {1-0 Gershon,A-Groszpeter,A/Paks HUN 1998 (50)}) ({3.} 
11... Bb4 12. a3 (12. Be2 Qa5 (12... O-O 13. e5 Nd7 (13... Nh7 14. h4 Be7 15.
Rh3 Kh8 16. g4 Rb8 17. g5 $16 {0-1 Sutovsky,E-Wang Zili/Shenyang CHN 1999 (50)}
) 14. Qg3 Kh8 15. Qh3 Kg8 16. Rd3 Qe7 17. Rg3 Nxe5 18. Bxe5 f6 19. a3 Bc5 20.
Qxh6 fxe5 21. Bd3 e4 22. Nxe4 dxe4 23. Bxe4 Rf5 24. Bxf5 exf5 25. Qxc6 Bb7 26.
Qg6 Bxf2 27. Rh3 Be4 28. Qh7+ Kf7 29. Rf1 Qg5+ 30. Kb1 Qxg2 $19 {0-1 Greenfeld,
A-Tyomkin,D/Ramat Aviv ISR 1998 (37)}) (12... Bxc3 $6 13. Qxc3 Nxe4 14. Qxg7
Qf6 15. Qxf6 Nxf6 $16 {1-0 Sutovskij,E-Gershon,A/New York 1998/CBM 64/ (55)})
13. Be5 Bxc3 14. Bxc3 Qxa2 15. Bxf6 gxf6 16. Qc3 Rb8 17. b3 Qa3+ 18. Kb1 Ke7
19. Rhe1 Qb4 20. Qg3 Bd7 21. exd5 cxd5 22. Bh5 Rhc8 $17 {1/2-1/2 Fontaine,
R-Gross,D/Clichy FRA 1998 (60)}) 12... Ba5 (12... Be7 13. Be2 O-O (13... Qa5
14. Qg3 Bxa3 15. exd5 cxd5 (15... exd5 16. Qxg7 $18) 16. Bc7 $1 Qb4 17. bxa3
Qxa3+ 18. Kd2 $16) (13... Nd7 14. h4 O-O (14... e5 15. Bxe5 $1 Nxe5 16. exd5
$16) 15. Qg3 Kh8 16. Bc7 Qe8 17. Rhe1 $14 {Shekachev-Lominashvili,Smolensk 1997
}) 14. Qg3 Kh8 15. Be5 (15. Bc7 $1 Qd7 16. Be5 Qb7 17. exd5 exd5 $14 (17...
cxd5 $6 18. Rd4 $16 {0-1 Botvinnik,I-Greenfeld,A/Invitational, Rishon LeZion
ISR 1997 (35)})) 15... Bd7 16. exd5 cxd5 17. Rd4 Ne8 18. Bd3 Rc8 19. Re1 Rxc3
20. bxc3 Bxa3+ 21. Kd1 Be7 22. Re3 Qb6 23. Rg4 Rg8 24. Rg6 Bf6 25. Rxf6 gxf6
26. Qh4 Rg7 27. Qxh6+ Kg8 28. Rh3 $18 {1-0 Fedorchuk,S-Vuckovic,B/Calicut IND
1998 (38)}) 13. Be2 O-O (13... Bb7 14. Qg3 Bxc3 15. Qxc3 Nxe4 16. Qxg7 Qf6 17.
Qxf6 Nxf6 18. Rd3 $16) 14. e5 Bxc3 (14... Nd7 15. Qg3 Bc7 (15... Kh8 16. Qh3
$40) (15... Bxc3 16. Qxc3 $16) 16. Kb1 $1 Bb8 17. Rhe1 f5 18. Bh5 $16 {
Greenfed.A}) 15. Qxc3 Ne4 16. Qe3 f6 17. f3 fxe5 18. Bxe5 Qg5 19. Qxg5 Nxg5 20.
Rhe1 $16 {1/2-1/2 Degraeve,J-Apicella,M/Bescanon FRA 1999 (45)}) 12. Be2 O-O (
12... Bb7 13. Qg3 g6 14. Bc7 Qc8 15. Bf3 O-O 16. Na4 Nd7 17. Kb1 a5 18. c4 dxc4
19. Bd6 Bxd6 20. Rxd6 Qc7 21. Rhd1 $16 {1-0 Shchekachev,A-Pochikeev/Smolensk
RUS 1997 (34)}) (12... Qa5 13. Qg3 g5 14. Be5 Rg8 15. Rhe1 (15. Bc7 Qb4 16. a3
(16. e5 Nd7 17. h4 Ra7 18. Bd6 Bxd6 19. exd6 Rb7 20. b3 e5 $17) 16... Qb7 17.
Rhe1 $14) 15... Ra7 16. Bd6 $14 (16. exd5 cxd5 17. Bf3 $2 (17. Qh3 $1 Nd7 (
17... Rg6 18. Bd3 Rg8 19. Qxh6 $18) 18. Bd4 Rc7 19. Qxh6 e5 20. Bf3 e4 (20...
exd4 21. Nxd5 $18) (20... g4 21. Bxe5 Nxe5 22. Rxe5 Rxc3 23. Qh7 Kf8 24. Bxd5
Rg7 25. Qh8+ Rg8 26. Qh6+ Rg7 27. bxc3 Qxc3 28. Kb1 Ba3 29. Qh8+ Rg8 30. Re8+
Kxe8 31. Qxg8+ Ke7 32. Qxf7+ $18) 21. Qh7 Rf8 22. Bg4 $18) 17... Kf8 18. Qh3
Rg6 19. Bg4 Rb7 20. b3 h5 21. Be2 g4 22. Qg3 Nd7 23. Bd6 Bxd6 24. Qxd6+ Kg8 25.
Kb2 Qc5 {1/2-1/2 Vuckovic,B-Florean,A/Calicut IND 1998 (25)})) 13. Qg3 (13. h4
Ne8 (13... Bb4 14. e5 Bxc3 15. Qxc3 Ne4 16. Qe3 f6 17. f3 fxe5 18. Bxe5 Nf6 19.
g4 $16 {1-0 Gofshtein,L-Khasin,A/Invitational, Rishon LeZion ISR 1997 (34)})
14. Kb1 Nd6 15. Bd3 Re8 16. Qg3 Kh8 17. Be5 Bf8 18. Rhe1 a5 19. exd5 cxd5 20.
Nxd5 {1-0 Shchekachev,A-Lopushnoy,D/Russian Cup 7th Stage, Tomsk RUS 1998 (20)}
) 13... Kh8 14. Bc7 $146 (14. h4 a5 15. Qe3 Ba6 16. g4 Bxe2 17. Qxe2 Bb4 18. f3
Bxc3 19. bxc3 Qe7 20. g5 Nh5 21. Be5 f6 22. gxf6 Nxf6 23. Rhg1 Qa3+ 24. Kd2
Rad8 25. Ke1 dxe4 26. fxe4 Rxd1+ 27. Qxd1 Qxa2 $17 {1/2-1/2 Kolev,A-Kramnik,V/
Villarrobledo ESP 1998 (61)}) 14... Qd7 (14... Qe8 15. Bf3 $14) 15. Be5 Qb7 (
15... Bb7 16. f4 $14) 16. exd5 cxd5 17. Rd4 (17. f4 $132) 17... Ne8 18. Bd3 Bd7
19. Re1 Bf6 (19... Bb5 20. Kb1 (20. Nxb5 axb5 21. Kb1 (21. Qh3 Bf6 (21... Rxa2
22. Qxh6+) 22. a3 Bxe5 23. Rxe5 Nf6 24. Rh4 Nh7 25. Rb4 (25. Bxh7 Kxh7 26. Reh5
Rh8 27. Qd3+ Kg8 28. Rb4 Qb6 29. Qe2 Ra5 30. Rh3 Kh7 31. Rhb3 (31. g4 Qd8 32.
f4 (32. Rxb5 Qg5+ 33. Kb1 Rxb5 34. Qxb5 Qxg4 $15) 32... Qb6 33. Rg3 Ra4 34.
Rxb5 Qd4 35. f5 Qf4+ 36. Kb1 Re4 37. Qd1 $16) 31... Rb8 32. a4 Qd6 33. Qd3+ f5
34. Qg3 Qxg3 35. hxg3 bxa4 36. Rxb8 (36. Rxa4 Rxa4 37. Rxb8 $11) 36... axb3 37.
Rxb3 $11) 25... Ra5 26. Bxh7 Kxh7 27. Qd3+ Kh8 28. g4 $132) 21... Qa7 22. a3 b4
23. Rg4 f6 24. Rxg7 (24. Bd4 Qd7 25. Rxg7 Nxg7 26. Qg6 Nf5 27. Bxf5 (27. Rxe6
Qxe6 28. Bxf5 Qf7 29. Qxh6+ Kg8 30. Be6 Qxe6 31. Qg6+ $11) 27... exf5 28. Qxh6+
Kg8 29. Qg6+ Kh8 30. Re3 f4 31. Rh3+ Qxh3 32. gxh3 bxa3 33. bxa3 Rxa3 34. h4
$16) 24... Nxg7 25. Qg6 Nf5 26. Bxf5 exf5 27. Qxh6+ Kg8 28. Qg6+ Kh8 29. Re3
Qxe3 30. fxe3 fxe5 31. Qh6+ $11) 20... Bxd3 21. Rxd3 f6 22. Bf4 e5 23. Bc1 d4
24. Ne2 Rc8 25. f4 Bb4 26. Red1 Qe4 $132) 20. Rg4 Bxe5 21. Rxe5 Rb8 22. b3 Rc8
23. Qh4 $1 (23. Rh4 Qc7 24. Ne2 Bb5 25. f4 Nf6 26. h3 Bxd3 27. Qxd3 Ne4 $15)
23... f5 {Not coming across in a trap.} (23... Rxc3 $4 24. Rh5 $18 {[%csl Rh6]
[%cal Gh5h6]}) 24. Qe7 (24. Nxd5 fxg4 25. Ne7 Rf6 26. Nxc8 Bxc8 $19) 24... Kg8
25. Rb4 Qc7 26. Rxe6 (26. Rxd5 exd5 27. Nxd5 Qd6 28. Qxd6 Nxd6 29. Ne7+ Kf7 30.
Nxc8 Bxc8 31. Bxa6 Bxa6 32. Rb6 Ne4 33. Rxa6 Nxf2 $17) 26... Rf7 27. Nxd5 Rxe7
(27... Qa5 28. Rd6 (28. Qxf7+ Kxf7 29. Re7+ Kf8 30. Rxd7 Nf6 31. Bxf5 Nxd7 32.
Bxd7 Rd8 33. Rf4+ Kg8 34. Be6+ Kh8 35. Kb2 Rxd5 36. Ra4 Qd8 37. Bxd5 Qxd5 38.
Rxa6 Qxg2 $19) 28... Rxe7 29. Nxe7+ Kh8 30. Rxd7 Qxb4 31. Nxc8 Qe1+ 32. Kb2 Qe6
33. Ne7 $3 g6 (33... Qxd7 34. Ng6+ Kg8 35. Bc4+ Qf7 (35... Kh7 36. Nf8+ $18)
36. Ne7+ Kf8 37. Bxf7 Kxf7 38. Nxf5 $18) 34. Ra7 Nd6 35. Bxa6 Ne4 36. Bc4 Qf6+
37. Ka3 Qd6+ 38. b4 Nxf2 39. Bd5 h5 40. Kb3 Ng4 41. c4 Nxh2 42. c5 Qg3+ 43. Ka4
$18) 28. Nxc7 Bxe6 (28... Rxe6 29. Nxe6 Bxe6 30. Bxa6 Ra8 31. Rb6 Nc7 32. Bb7
Ra7 (32... Rxa2 33. Rc6 $18) 33. a4 $132) 29. Nxe6 Rxe6 30. Bxf5 Rcc6 31. Bxe6+
Rxe6 32. Rd4 {The tactical fight was finished by the prosaic equal endgame.}
Kf7 (32... Nf6 $11) 33. Kd2 $11 Nd6 34. Rf4+ Ke7 35. c4 a5 (35... g5 36. Rf3
Ne4+ 37. Kd3 Nf6 38. h3 Kd6 39. b4 Nd7 40. Rf5 $11) 36. f3 Re5 37. a3 (37. Kd3
$11) 37... Rc5 (37... Nf5 38. g3 Ne3 39. Kd3 Nf1 40. Kd4 Kd6 41. b4 axb4 42.
axb4 Re2 43. Rg4 g5 44. h4 $11) 38. Kd3 Re5 39. b4 g5 40. Rd4 Re1 41. bxa5 Ra1
42. Kc3 Rxa3+ 43. Kb4 Ra2 44. g4 Ke6 (44... Rxh2 45. c5 Rb2+ 46. Kc3 Nb5+ 47.
Kxb2 Nxd4 48. a6 Nb5 49. Kb3 Kd7 50. Kb4 Kc6 51. Kc4 Na7 52. Kd4 $11 {[%csl
Rg5,Rh6][%cal Gd4e5]}) 45. h3 Rb2+ 46. Kc3 Rb1 47. f4 Rc1+ 48. Kd2 Ra1 49. f5+
Ke7 50. c5 Nb5 51. Re4+ Kf7 52. Re6 Rxa5 53. Rxh6 Nd4 54. Kc3 (54. Ke3 $11)
54... Nxf5 55. gxf5 1/2-1/2